000 00249nam a2200097Ia 4500
001 793336
005 20250826170647.0
008 250824s9999 xx 000 0 und d
245 0 _aBENİ SUSARKEN BÖLME
_cKAHRAMAN TAZEOĞLU
260 _bDESTEK YAYINLARI
999 _c793336
_d793336